[Event "Poznan Chess Festival"]
[Site "chess24.com"]
[Date "2021.08.22"]
[Round "9"]
[White "Kostecka, Marika"]
[Black "Kaczmarek, Jan"]
[Result "1-0"]
[Board "10"]
[WhiteElo "1833"]
[WhiteTitle "WCM"]
[WhiteCountry "POL"]
[WhiteFideId "1193473"]
[WhiteEloChange "2"]
[BlackElo "1337"]
[BlackCountry "POL"]
[BlackFideId "21059276"]
[BlackEloChange "-2"]

1. e4 {[%clk 1:30:59]} c5 {[%clk 1:30:52]} 2. Nf3 {[%clk 1:31:25]} g6 {[%clk
1:31:16]} 3. d4 {[%clk 1:31:50]} cxd4 {[%clk 1:31:41]} 4. Nxd4 {[%clk 1:32:16]}
Nc6 {[%clk 1:32:05]} 5. c4 {[%clk 1:32:41]} Nf6 {[%clk 1:32:18]} 6. Nc3 {[%clk
1:33:04]} d6 {[%clk 1:32:32]} 7. Be2 {[%clk 1:33:20]} Nxd4 {[%clk 1:32:51]} 8.
Qxd4 {[%clk 1:33:40]} Bg7 {[%clk 1:33:11]} 9. O-O {[%clk 1:32:01]} O-O {[%clk
1:33:32]} 10. Qd1 {[%clk 1:31:16]} Be6 {[%clk 1:30:06]} 11. Be3 {[%clk 1:26:57]}
Qa5 {[%clk 1:14:50]} 12. Rc1 {[%clk 1:16:08]} Rfc8 {[%clk 1:12:23]} 13. b3 {[%clk
1:11:16]} b5 {[%clk 1:04:07]} 14. Nxb5 {[%clk 0:59:24]} Nxe4 {[%clk 1:02:05]} 15.
Bf3 {[%clk 0:56:58]} f5 {[%clk 0:51:04]} 16. Qd3 {[%clk 0:39:32]} a6 {[%clk
0:46:56]} 17. Nd4 {[%clk 0:37:32]} Qe5 {[%clk 0:45:13]} 18. Nxe6 {[%clk 0:37:49]}
Qxe6 {[%clk 0:45:41]} 19. Bd4 {[%clk 0:37:47]} Bxd4 {[%clk 0:35:58]} 20. Qxd4
{[%clk 0:38:11]} Rc5 {[%clk 0:35:53]} 21. Rfe1 {[%clk 0:25:40]} Re5 {[%clk
0:33:49]} 22. Re3 {[%clk 0:24:59]} d5 {[%clk 0:29:06]} 23. cxd5 {[%clk 0:23:45]}
Rxd5 {[%clk 0:28:51]} 24. Rxe4 {[%clk 0:19:13]} fxe4 {[%clk 0:27:58]} 25. Qxe4
{[%clk 0:18:57]} Qxe4 {[%clk 0:26:09]} 26. Bxe4 {[%clk 0:19:21]} Rad8 {[%clk
0:26:33]} 27. Bxd5+ {[%clk 0:19:41]} Rxd5 {[%clk 0:27:02]} 28. Kf1 {[%clk
0:19:53]} Rd2 {[%clk 0:26:26]} 29. a4 {[%clk 0:19:58]} Rb2 {[%clk 0:25:08]} 30.
Rc6 {[%clk 0:18:33]} a5 {[%clk 0:25:28]} 31. Rc5 {[%clk 0:18:38]} Rxb3 {[%clk
0:25:54]} 32. Rxa5 {[%clk 0:18:24]} Kf7 {[%clk 0:25:16]} 33. Ra8 {[%clk 0:18:18]}
Ke6 {[%clk 0:24:54]} 34. a5 {[%clk 0:18:17]} Kd7 {[%clk 0:24:26]} 35. a6 {[%clk
0:18:26]} Ra3 {[%clk 0:23:25]} 36. f3 {[%clk 0:17:13]} h5 {[%clk 0:21:34]} 37. h4
{[%clk 0:16:49]} Ra4 {[%clk 0:19:55]} 38. a7 {[%clk 0:16:06]} Kc7 {[%clk
0:20:13]} 39. Re8 {[%clk 0:16:11]} Rxa7 {[%clk 0:20:11]} 40. Rxe7+ {[%clk
0:16:36]} Kb6 {[%clk 0:20:37]} 41. Rxa7 {[%clk 0:17:02]} Kxa7 {[%clk 0:20:37]}
1-0

[Event "Poznan Chess Festival"]
[Site "chess24.com"]
[Date "2021.08.22"]
[Round "9"]
[White "Stempin, Pawel"]
[Black "Gluszynski, Michal"]
[Result "1-0"]
[Board "11"]
[WhiteElo "2356"]
[WhiteTitle "IM"]
[WhiteCountry "POL"]
[WhiteFideId "1100068"]
[WhiteEloChange "2"]
[BlackElo "1302"]
[BlackCountry "POL"]
[BlackFideId "21858500"]
[BlackEloChange "-2"]

1. c4 {[%clk 1:30:54]} e5 {[%clk 1:30:51]} 2. Nc3 {[%clk 1:31:17]} Nf6 {[%clk
1:31:13]} 3. Nf3 {[%clk 1:31:42]} Nc6 {[%clk 1:31:36]} 4. g3 {[%clk 1:32:01]} d5
{[%clk 1:31:52]} 5. cxd5 {[%clk 1:32:20]} Nxd5 {[%clk 1:32:16]} 6. Bg2 {[%clk
1:32:43]} Nb6 {[%clk 1:32:36]} 7. O-O {[%clk 1:30:36]} Be7 {[%clk 1:32:57]} 8. a3
{[%clk 1:30:35]} O-O {[%clk 1:32:21]} 9. b4 {[%clk 1:29:08]} a6 {[%clk 1:31:32]}
10. d3 {[%clk 1:28:11]} Re8 {[%clk 1:31:02]} 11. Be3 {[%clk 1:27:26]} Bf8 {[%clk
1:29:26]} 12. Rc1 {[%clk 1:26:19]} Nd4 {[%clk 1:25:45]} 13. Nd2 {[%clk 1:20:45]}
c6 {[%clk 1:22:15]} 14. Nb3 {[%clk 1:11:19]} Nxb3 {[%clk 1:17:37]} 15. Qxb3
{[%clk 1:11:40]} Be6 {[%clk 1:18:03]} 16. Qc2 {[%clk 1:10:42]} Nd5 {[%clk
1:16:48]} 17. Bc5 {[%clk 1:10:03]} Bxc5 {[%clk 1:04:48]} 18. bxc5 {[%clk
1:10:15]} Qa5 {[%clk 1:04:15]} 19. Na4 {[%clk 1:07:39]} Rad8 {[%clk 1:03:18]} 20.
Rb1 {[%clk 1:06:59]} Bc8 {[%clk 0:59:25]} 21. Rfc1 {[%clk 0:58:06]} Re7 {[%clk
0:57:28]} 22. Rb2 {[%clk 0:51:17]} h6 {[%clk 0:52:51]} 23. h3 {[%clk 0:38:56]}
Rde8 {[%clk 0:48:12]} 24. Qd2 {[%clk 0:32:59]} Qxd2 {[%clk 0:29:15]} 25. Rxd2
{[%clk 0:33:12]} Kf8 {[%clk 0:26:38]} 26. Rb2 {[%clk 0:33:30]} Rd8 {[%clk
0:21:47]} 27. Rbb1 {[%clk 0:33:08]} Rc7 {[%clk 0:20:18]} 28. Nb2 {[%clk 0:33:06]}
Re7 {[%clk 0:18:57]} 29. Nc4 {[%clk 0:33:16]} f6 {[%clk 0:18:45]} 30. Rb2 {[%clk
0:32:57]} Nc7 {[%clk 0:16:31]} 31. Na5 {[%clk 0:30:46]} Ne6 {[%clk 0:14:19]} 32.
Kf1 {[%clk 0:30:32]} Rc7 {[%clk 0:14:05]} 33. h4 {[%clk 0:29:29]} Ke7 {[%clk
0:12:46]} 34. Rb4 {[%clk 0:28:43]} h5 {[%clk 0:11:51]} 35. Be4 {[%clk 0:28:23]}
Kf7 {[%clk 0:11:13]} 36. e3 {[%clk 0:21:19]} g6 {[%clk 0:10:58]} 37. Ke2 {[%clk
0:19:15]} f5 {[%clk 0:10:38]} 38. Bg2 {[%clk 0:19:33]} Rcd7 {[%clk 0:10:10]} 39.
Rb3 {[%clk 0:19:39]} Kf6 {[%clk 0:09:58]} 40. f4 {[%clk 0:19:22]} exf4 {[%clk
0:08:20]} 41. gxf4 {[%clk 0:19:34]} Re7 {[%clk 0:08:25]} 42. Kf2 {[%clk 0:19:33]}
Rde8 {[%clk 0:07:31]} 43. Bf3 {[%clk 0:19:23]} Nd8 {[%clk 0:06:01]} 44. e4 {[%clk
0:11:50]} fxe4 {[%clk 0:05:26]} 45. dxe4 {[%clk 0:12:12]} Ne6 {[%clk 0:05:05]}
46. Ke3 {[%clk 0:11:15]} Nc7 {[%clk 0:04:44]} 47. e5+ {[%clk 0:11:04]} Kg7 {[%clk
0:04:18]} 48. Nc4 {[%clk 0:10:51]} Be6 {[%clk 0:04:09]} 49. Rd3 {[%clk 0:11:09]}
Nd5+ {[%clk 0:03:46]} 50. Bxd5 {[%clk 0:11:25]} Bxd5 {[%clk 0:03:55]} 51. Nd6
{[%clk 0:11:41]} Rb8 {[%clk 0:03:48]} 52. Rb1 {[%clk 0:11:23]} Be6 {[%clk
0:02:04]} 53. Rd4 {[%clk 0:11:27]} a5 {[%clk 0:01:57]} 54. Rb6 {[%clk 0:10:10]}
Bh3 {[%clk 0:01:50]} 55. Rd2 {[%clk 0:09:12]} 1-0

[Event "Poznan Chess Festival"]
[Site "chess24.com"]
[Date "2021.08.22"]
[Round "9"]
[White "Krych, Dominik"]
[Black "Andrzejewska, Anna"]
[Result "1/2-1/2"]
[Board "12"]
[WhiteElo "1617"]
[WhiteCountry "POL"]
[WhiteFideId "21039070"]
[WhiteEloChange "7"]
[BlackElo "1948"]
[BlackTitle "WCM"]
[BlackCountry "POL"]
[BlackFideId "1127284"]
[BlackEloChange "-7"]

1. d4 {[%clk 1:23:33]} Nf6 {[%clk 1:30:51]} 2. c4 {[%clk 1:22:46]} c6 {[%clk
1:30:57]} 3. Nc3 {[%clk 1:23:12]} d5 {[%clk 1:31:21]} 4. Nf3 {[%clk 1:23:40]} e6
{[%clk 1:31:33]} 5. Bg5 {[%clk 1:23:11]} Be7 {[%clk 1:26:55]} 6. e3 {[%clk
1:23:17]} Nbd7 {[%clk 1:26:32]} 7. Bd3 {[%clk 1:23:32]} O-O {[%clk 1:26:21]} 8.
O-O {[%clk 1:23:59]} b6 {[%clk 1:20:01]} 9. cxd5 {[%clk 1:17:12]} exd5 {[%clk
1:17:25]} 10. Rc1 {[%clk 1:17:29]} Bb7 {[%clk 1:13:45]} 11. Bb1 {[%clk 1:16:28]}
Ne4 {[%clk 1:00:15]} 12. Bf4 {[%clk 1:12:42]} Ndf6 {[%clk 0:51:53]} 13. Ne5
{[%clk 1:12:48]} c5 {[%clk 0:48:06]} 14. dxc5 {[%clk 1:10:56]} Nxc3 {[%clk
0:42:48]} 15. Rxc3 {[%clk 1:10:13]} bxc5 {[%clk 0:42:41]} 16. Qd3 {[%clk
1:08:13]} c4 {[%clk 0:36:46]} 17. Qc2 {[%clk 1:03:08]} g6 {[%clk 0:35:32]} 18.
Qe2 {[%clk 1:02:03]} Re8 {[%clk 0:32:47]} 19. Nf3 {[%clk 1:00:48]} Bb4 {[%clk
0:29:43]} 20. Rcc1 {[%clk 1:00:59]} Qb6 {[%clk 0:27:12]} 21. Be5 {[%clk 0:59:55]}
Nd7 {[%clk 0:24:21]} 22. Bd4 {[%clk 0:57:38]} Bc5 {[%clk 0:23:31]} 23. Rfd1
{[%clk 0:55:15]} Rab8 {[%clk 0:21:37]} 24. Bc3 {[%clk 0:52:23]} Ba8 {[%clk
0:20:51]} 25. h4 {[%clk 0:50:35]} Bb4 {[%clk 0:17:54]} 26. Bd4 {[%clk 0:46:19]}
Bc5 {[%clk 0:18:05]} 27. Rd2 {[%clk 0:46:28]} Bxd4 {[%clk 0:16:30]} 28. Nxd4
{[%clk 0:46:49]} Nc5 {[%clk 0:15:41]} 29. h5 {[%clk 0:46:17]} Ne6 {[%clk
0:13:54]} 30. hxg6 {[%clk 0:39:51]} hxg6 {[%clk 0:14:06]} 31. Nxe6 {[%clk
0:33:16]} Qxe6 {[%clk 0:11:53]} 32. Rcd1 {[%clk 0:33:09]} Kg7 {[%clk 0:11:35]}
33. Rd4 {[%clk 0:32:28]} Rh8 {[%clk 0:11:09]} 34. b3 {[%clk 0:29:06]} cxb3 {[%clk
0:10:48]} 35. axb3 {[%clk 0:28:20]} Rh5 {[%clk 0:08:12]} 36. Qf3 {[%clk 0:20:59]}
Rbh8 {[%clk 0:07:19]} 37. g3 {[%clk 0:16:25]} Rh2 {[%clk 0:04:31]} 38. Rf4 {[%clk
0:13:37]} d4 {[%clk 0:02:34]} 39. e4 {[%clk 0:13:55]} g5 {[%clk 0:01:28]} 40. Rh4
{[%clk 0:12:02]} R2xh4 {[%clk 0:00:43]} 41. gxh4 {[%clk 0:12:18]} Rxh4 {[%clk
0:00:59]} 42. Rxd4 {[%clk 0:10:55]} Qe5 {[%clk 0:00:54]} 43. Qg3 {[%clk 0:06:12]}
Rf4 {[%clk 0:00:51]} 44. Bd3 {[%clk 0:05:47]} Bxe4 {[%clk 0:00:40]} 45. Rxe4
{[%clk 0:06:01]} Rxe4 {[%clk 0:00:59]} 46. Bxe4 {[%clk 0:06:27]} Qxe4 {[%clk
0:01:22]} 47. Qxg5+ {[%clk 0:06:51]} Qg6 {[%clk 0:01:17]} 48. Qg2 {[%clk
0:06:49]} Kf6 {[%clk 0:01:11]} 49. Qxg6+ {[%clk 0:06:47]} fxg6 {[%clk 0:01:22]}
50. Kg2 {[%clk 0:05:32]} Ke5 {[%clk 0:01:36]} 51. Kg3 {[%clk 0:05:55]} Kd4 {[%clk
0:01:20]} 52. Kg4 {[%clk 0:06:21]} Kc3 {[%clk 0:01:37]} 53. Kg5 {[%clk 0:06:44]}
Kxb3 {[%clk 0:02:02]} 54. Kxg6 {[%clk 0:07:03]} a5 {[%clk 0:02:29]} 55. f4 {[%clk
0:07:28]} a4 {[%clk 0:02:56]} 56. f5 {[%clk 0:07:56]} a3 {[%clk 0:03:21]} 57. f6
{[%clk 0:08:25]} a2 {[%clk 0:03:45]} 58. f7 {[%clk 0:08:49]} a1=Q {[%clk
0:04:07]} 59. f8=Q {[%clk 0:09:13]} Qg1+ {[%clk 0:04:15]} 60. Kh7 {[%clk
0:09:31]} Qh2+ {[%clk 0:04:25]} 1/2-1/2

[Event "Poznan Chess Festival"]
[Site "chess24.com"]
[Date "2021.08.22"]
[Round "9"]
[White "Kabzinski, Jan"]
[Black "Trybowska, Barbara"]
[Result "1/2-1/2"]
[Board "13"]
[WhiteElo "1532"]
[WhiteCountry "POL"]
[WhiteFideId "21875146"]
[WhiteEloChange "7"]
[BlackElo "1807"]
[BlackCountry "POL"]
[BlackFideId "1172956"]
[BlackEloChange "-7"]

1. c4 {[%clk 1:30:58]} e5 {[%clk 1:30:56]} 2. Nc3 {[%clk 1:31:27]} Nc6 {[%clk
1:31:18]} 3. g3 {[%clk 1:31:56]} f5 {[%clk 1:31:26]} 4. Nf3 {[%clk 1:32:23]} Nf6
{[%clk 1:31:49]} 5. d4 {[%clk 1:32:51]} e4 {[%clk 1:28:43]} 6. Nh4 {[%clk
1:33:02]} d6 {[%clk 1:28:18]} 7. Ng2 {[%clk 1:33:19]} Be7 {[%clk 1:24:55]} 8. Nf4
{[%clk 1:33:43]} a6 {[%clk 1:22:51]} 9. Bg2 {[%clk 1:32:13]} O-O {[%clk 1:20:50]}
10. O-O {[%clk 1:31:38]} g5 {[%clk 1:14:53]} 11. Nh3 {[%clk 1:26:57]} h6 {[%clk
1:13:22]} 12. f3 {[%clk 1:23:20]} exf3 {[%clk 1:07:50]} 13. exf3 {[%clk 1:22:49]}
Qe8 {[%clk 0:56:48]} 14. f4 {[%clk 1:19:11]} g4 {[%clk 0:56:37]} 15. Nf2 {[%clk
1:19:37]} Qg6 {[%clk 0:44:46]} 16. Re1 {[%clk 1:12:11]} Re8 {[%clk 0:43:10]} 17.
b3 {[%clk 1:11:14]} Bd7 {[%clk 0:42:37]} 18. Bb2 {[%clk 1:10:29]} Bf8 {[%clk
0:39:12]} 19. Qd2 {[%clk 1:08:32]} h5 {[%clk 0:38:24]} 20. Nd5 {[%clk 0:57:29]}
Nxd5 {[%clk 0:37:19]} 21. Bxd5+ {[%clk 0:55:48]} Kh7 {[%clk 0:37:43]} 22. Bg2
{[%clk 0:50:02]} 1/2-1/2

[Event "Poznan Chess Festival"]
[Site "chess24.com"]
[Date "2021.08.22"]
[Round "9"]
[White "Skrzypczak, Jan"]
[Black "Hladun, Bartlomiej"]
[Result "1-0"]
[Board "15"]
[WhiteElo "1192"]
[WhiteCountry "POL"]
[WhiteFideId "21019630"]
[WhiteEloChange "18"]
[BlackElo "1639"]
[BlackCountry "POL"]
[BlackFideId "21802467"]
[BlackEloChange "-18"]

1. e4 {[%clk 1:30:30]} c5 {[%clk 1:30:01]} 2. Nf3 {[%clk 1:30:54]} g6 {[%clk
1:30:25]} 3. d4 {[%clk 1:31:14]} cxd4 {[%clk 1:30:50]} 4. Nxd4 {[%clk 1:31:14]}
Nc6 {[%clk 1:30:50]} 5. Nc3 {[%clk 1:31:28]} Bg7 {[%clk 1:31:14]} 6. Be3 {[%clk
1:31:47]} Nf6 {[%clk 1:31:23]} 7. Bc4 {[%clk 1:31:40]} O-O {[%clk 1:31:26]} 8.
Bb3 {[%clk 1:31:35]} Na5 {[%clk 1:22:02]} 9. e5 {[%clk 1:30:22]} Ne8 {[%clk
1:20:22]} 10. Bxf7+ {[%clk 1:30:03]} Kxf7 {[%clk 1:07:34]} 11. Ne6 {[%clk
1:30:16]} dxe6 {[%clk 1:06:48]} 12. Qxd8 {[%clk 1:30:36]} Nc6 {[%clk 1:06:52]}
13. Qd2 {[%clk 1:30:02]} Nxe5 {[%clk 1:06:33]} 14. O-O-O {[%clk 1:27:35]} Nd6
{[%clk 1:02:32]} 15. h4 {[%clk 1:23:41]} Nec4 {[%clk 0:58:16]} 16. Qe2 {[%clk
1:22:31]} Bd7 {[%clk 0:53:31]} 17. h5 {[%clk 1:20:14]} Rac8 {[%clk 0:49:25]} 18.
hxg6+ {[%clk 1:15:25]} hxg6 {[%clk 0:49:07]} 19. Rh7 {[%clk 1:08:10]} Kg8 {[%clk
0:44:05]} 20. Rdh1 {[%clk 1:05:56]} Nxe3 {[%clk 0:43:13]} 21. Qxe3 {[%clk
1:03:45]} Nc4 {[%clk 0:32:46]} 22. Rxg7+ {[%clk 1:00:44]} Kxg7 {[%clk 0:31:36]}
23. Qd4+ {[%clk 1:00:37]} 1-0

[Event "Poznan Chess Festival"]
[Site "chess24.com"]
[Date "2021.08.22"]
[Round "9"]
[White "Szelag, Zuzanna"]
[Black "Jaworski, Mateusz"]
[Result "1-0"]
[Board "17"]
[WhiteElo "1839"]
[WhiteCountry "POL"]
[WhiteFideId "1195522"]
[WhiteEloChange "6"]
[BlackElo "1712"]
[BlackCountry "POL"]
[BlackFideId "1141155"]
[BlackEloChange "-6"]

1. e4 {[%clk 1:30:58]} c5 {[%clk 1:30:53]} 2. Nf3 {[%clk 1:31:26]} d6 {[%clk
1:31:15]} 3. d4 {[%clk 1:31:52]} cxd4 {[%clk 1:31:40]} 4. Nxd4 {[%clk 1:32:19]}
Nf6 {[%clk 1:32:03]} 5. Nc3 {[%clk 1:32:46]} Nc6 {[%clk 1:32:22]} 6. Bc4 {[%clk
1:33:12]} Qb6 {[%clk 1:32:26]} 7. Nb3 {[%clk 1:33:38]} e6 {[%clk 1:32:27]} 8. Be3
{[%clk 1:34:03]} Qc7 {[%clk 1:32:44]} 9. f4 {[%clk 1:34:16]} Be7 {[%clk 1:31:54]}
10. Bd3 {[%clk 1:33:42]} O-O {[%clk 1:27:50]} 11. Qf3 {[%clk 1:33:11]} a6 {[%clk
1:18:40]} 12. O-O {[%clk 1:29:59]} Rb8 {[%clk 1:12:48]} 13. a4 {[%clk 1:26:38]}
b6 {[%clk 1:08:00]} 14. Kh1 {[%clk 1:23:04]} Bb7 {[%clk 1:06:58]} 15. Qh3 {[%clk
1:18:52]} g6 {[%clk 0:59:37]} 16. Rae1 {[%clk 1:00:37]} Nb4 {[%clk 0:45:57]} 17.
f5 {[%clk 0:53:17]} exf5 {[%clk 0:26:31]} 18. Bh6 {[%clk 0:51:45]} Rfe8 {[%clk
0:24:43]} 19. exf5 {[%clk 0:51:55]} Nxd3 {[%clk 0:16:03]} 20. cxd3 {[%clk
0:51:49]} Qd8 {[%clk 0:13:48]} 21. Nd4 {[%clk 0:47:18]} d5 {[%clk 0:08:50]} 22.
fxg6 {[%clk 0:35:22]} hxg6 {[%clk 0:09:13]} 23. Nf5 {[%clk 0:35:10]} Bc8 {[%clk
0:03:33]} 24. Nxe7+ {[%clk 0:32:58]} Rxe7 {[%clk 0:03:51]} 25. Qh4 {[%clk
0:30:47]} Rxe1 {[%clk 0:01:19]} 26. Rxe1 {[%clk 0:31:10]} Qd6 {[%clk 0:00:50]}
27. Bf4 {[%clk 0:31:09]} 1-0

[Event "Poznan Chess Festival"]
[Site "chess24.com"]
[Date "2021.08.22"]
[Round "9"]
[White "Duszczak, Dariusz"]
[Black "Grynia, Jakub"]
[Result "1/2-1/2"]
[Board "18"]
[WhiteElo "1822"]
[WhiteCountry "POL"]
[WhiteFideId "1126954"]
[WhiteEloChange "-8"]
[BlackElo "1399"]
[BlackCountry "POL"]
[BlackFideId "41802551"]
[BlackEloChange "8"]

1. e4 {[%clk 1:30:53]} e6 {[%clk 1:30:56]} 2. d4 {[%clk 1:31:14]} d5 {[%clk
1:31:21]} 3. Nd2 {[%clk 1:31:30]} c5 {[%clk 1:31:39]} 4. Ngf3 {[%clk 1:31:25]}
dxe4 {[%clk 1:29:02]} 5. Nxe4 {[%clk 1:31:34]} cxd4 {[%clk 1:29:05]} 6. Nxd4
{[%clk 1:28:02]} a6 {[%clk 1:26:49]} 7. Be3 {[%clk 1:17:59]} Nd7 {[%clk 1:24:11]}
8. Be2 {[%clk 1:12:57]} Ngf6 {[%clk 1:24:07]} 9. Qd3 {[%clk 1:05:34]} Nxe4 {[%clk
1:22:01]} 10. Qxe4 {[%clk 1:06:02]} Nf6 {[%clk 1:22:16]} 11. Qf3 {[%clk 1:04:42]}
Nd5 {[%clk 1:18:52]} 12. O-O-O {[%clk 0:54:20]} Qc7 {[%clk 1:07:32]} 13. Kb1
{[%clk 0:41:09]} Nxe3 {[%clk 1:03:14]} 14. Qxe3 {[%clk 0:39:04]} Bc5 {[%clk
0:58:29]} 15. Qg5 {[%clk 0:36:28]} O-O {[%clk 0:57:21]} 16. Qh4 {[%clk 0:35:02]}
Be7 {[%clk 0:50:18]} 17. Qe4 {[%clk 0:32:41]} Bf6 {[%clk 0:47:02]} 18. Bd3 {[%clk
0:31:44]} g6 {[%clk 0:47:29]} 19. Nf3 {[%clk 0:25:20]} Bd7 {[%clk 0:45:30]} 20.
Nd4 {[%clk 0:16:28]} Qb6 {[%clk 0:44:01]} 21. Bc4 {[%clk 0:16:15]} Bc6 {[%clk
0:43:29]} 22. Qf4 {[%clk 0:15:15]} Bg7 {[%clk 0:40:52]} 23. Qe3 {[%clk 0:12:42]}
Rad8 {[%clk 0:38:47]} 24. c3 {[%clk 0:13:04]} Bxg2 {[%clk 0:38:37]} 25. Rhg1
{[%clk 0:13:27]} Bd5 {[%clk 0:38:43]} 26. Be2 {[%clk 0:10:00]} e5 {[%clk
0:30:05]} 27. Nf5 {[%clk 0:09:05]} Qxe3 {[%clk 0:29:36]} 28. Nxe3 {[%clk
0:08:52]} Bc6 {[%clk 0:28:06]} 29. Nc4 {[%clk 0:08:57]} Bb5 {[%clk 0:26:27]} 30.
b3 {[%clk 0:09:02]} Bxc4 {[%clk 0:25:58]} 31. Bxc4 {[%clk 0:09:24]} e4 {[%clk
0:25:04]} 32. Kc2 {[%clk 0:09:43]} b5 {[%clk 0:23:36]} 33. Bd5 {[%clk 0:09:48]}
Rc8 {[%clk 0:20:50]} 34. Rg3 {[%clk 0:07:59]} b4 {[%clk 0:17:27]} 35. c4 {[%clk
0:08:23]} Rfe8 {[%clk 0:15:24]} 36. Re1 {[%clk 0:08:27]} Rc7 {[%clk 0:13:26]} 37.
Rxe4 {[%clk 0:07:21]} Rxe4 {[%clk 0:12:37]} 38. Bxe4 {[%clk 0:07:50]} Rd7 {[%clk
0:09:57]} 39. Bd5 {[%clk 0:08:08]} Bd4 {[%clk 0:08:54]} 40. Rf3 {[%clk 0:06:57]}
Re7 {[%clk 0:08:44]} 41. Kd3 {[%clk 0:07:19]} Bc5 {[%clk 0:07:41]} 42. h3 {[%clk
0:07:39]} Kg7 {[%clk 0:07:32]} 43. h4 {[%clk 0:05:13]} f5 {[%clk 0:07:00]} 44. h5
{[%clk 0:04:58]} Re1 {[%clk 0:06:31]} 45. hxg6 {[%clk 0:04:24]} hxg6 {[%clk
0:06:44]} 46. Rg3 {[%clk 0:03:57]} Bxf2 {[%clk 0:06:05]} 47. Rg2 {[%clk 0:04:12]}
Bc5 {[%clk 0:05:28]} 48. Bc6 {[%clk 0:04:22]} Re3+ {[%clk 0:05:04]} 49. Kd2
{[%clk 0:04:37]} Re6 {[%clk 0:05:00]} 50. Bd5 {[%clk 0:04:55]} Re7 {[%clk
0:04:24]} 51. Kd3 {[%clk 0:05:18]} f4 {[%clk 0:03:10]} 52. Be4 {[%clk 0:05:34]}
Rd7+ {[%clk 0:02:50]} 53. Ke2 {[%clk 0:05:41]} Rd6 {[%clk 0:03:11]} 54. Kf3
{[%clk 0:06:05]} Rf6 {[%clk 0:02:33]} 55. Rg5 {[%clk 0:06:25]} Be7 {[%clk
0:01:59]} 56. c5 {[%clk 0:05:58]} Bd8 {[%clk 0:01:23]} 57. Rd5 {[%clk 0:06:14]}
Ba5 {[%clk 0:00:57]} 58. c6 {[%clk 0:06:25]} Bb6 {[%clk 0:01:06]} 59. Rd7+ {[%clk
0:06:20]} Rf7 {[%clk 0:01:02]} 60. Rxf7+ {[%clk 0:02:09]} Kxf7 {[%clk 0:01:17]}
61. Kxf4 {[%clk 0:02:35]} Kf6 {[%clk 0:01:25]} 62. Kg4 {[%clk 0:02:49]} Bd8
{[%clk 0:01:11]} 63. Bd3 {[%clk 0:02:45]} a5 {[%clk 0:01:38]} 64. Bc2 {[%clk
0:03:06]} g5 {[%clk 0:01:55]} 65. Bd3 {[%clk 0:03:25]} Ke5 {[%clk 0:02:09]} 66.
c7 {[%clk 0:03:06]} Bxc7 {[%clk 0:02:33]} 67. Kxg5 {[%clk 0:03:31]} Kd4 {[%clk
0:02:55]} 68. Bb5 {[%clk 0:03:57]} Kc3 {[%clk 0:03:14]} 69. Ba4 {[%clk 0:04:22]}
Kb2 {[%clk 0:03:25]} 70. Kf5 {[%clk 0:04:48]} Kxa2 {[%clk 0:03:47]} 71. Ke6
{[%clk 0:05:13]} 1/2-1/2

[Event "Poznan Chess Festival"]
[Site "chess24.com"]
[Date "2021.08.22"]
[Round "9"]
[White "Nowak, Roksana"]
[Black "Wawrzyniak, Pawel"]
[Result "1/2-1/2"]
[Board "19"]
[WhiteElo "1561"]
[WhiteCountry "POL"]
[WhiteFideId "21847991"]
[WhiteEloChange "6"]
[BlackElo "1807"]
[BlackCountry "POL"]
[BlackFideId "21807477"]
[BlackEloChange "-6"]

1. e4 {[%clk 1:30:57]} e5 {[%clk 1:30:52]} 2. Nf3 {[%clk 1:31:22]} Nc6 {[%clk
1:31:15]} 3. Bb5 {[%clk 1:31:47]} a6 {[%clk 1:31:40]} 4. Ba4 {[%clk 1:32:13]} Nf6
{[%clk 1:31:59]} 5. O-O {[%clk 1:32:10]} b5 {[%clk 1:32:11]} 6. Bb3 {[%clk
1:32:35]} Be7 {[%clk 1:32:15]} 7. Re1 {[%clk 1:32:26]} d6 {[%clk 1:30:34]} 8. h3
{[%clk 1:32:27]} O-O {[%clk 1:30:48]} 9. c3 {[%clk 1:32:31]} Nb8 {[%clk 1:31:04]}
10. d4 {[%clk 1:32:38]} Nbd7 {[%clk 1:31:27]} 11. c4 {[%clk 1:33:00]} Bb7 {[%clk
1:23:13]} 12. Nc3 {[%clk 1:33:06]} c6 {[%clk 1:21:46]} 13. a3 {[%clk 1:32:47]}
Re8 {[%clk 0:59:09]} 14. cxb5 {[%clk 1:02:23]} axb5 {[%clk 0:55:35]} 15. Ng5
{[%clk 0:55:02]} Rf8 {[%clk 0:54:42]} 16. f4 {[%clk 0:49:30]} b4 {[%clk 0:28:24]}
17. Na2 {[%clk 0:45:15]} bxa3 {[%clk 0:27:35]} 18. bxa3 {[%clk 0:33:29]} Qc7
{[%clk 0:26:51]} 19. Rb1 {[%clk 0:32:09]} Rab8 {[%clk 0:26:07]} 20. Bxf7+ {[%clk
0:30:24]} Rxf7 {[%clk 0:25:29]} 21. Qb3 {[%clk 0:30:47]} d5 {[%clk 0:25:30]} 22.
Nxf7 {[%clk 0:30:35]} Kxf7 {[%clk 0:25:58]} 23. fxe5 {[%clk 0:30:27]} Ba6 {[%clk
0:25:34]} 24. Qg3 {[%clk 0:27:44]} Kg8 {[%clk 0:17:06]} 25. Bh6 {[%clk 0:18:32]}
Bf8 {[%clk 0:17:13]} 26. exd5 {[%clk 0:18:12]} Nxd5 {[%clk 0:17:32]} 27. Nb4
{[%clk 0:17:32]} Nxb4 {[%clk 0:17:22]} 28. axb4 {[%clk 0:17:28]} Bc4 {[%clk
0:17:35]} 29. Bf4 {[%clk 0:17:24]} Be6 {[%clk 0:17:30]} 30. Bd2 {[%clk 0:16:07]}
Be7 {[%clk 0:14:54]} 31. Bh6 {[%clk 0:15:20]} Bf8 {[%clk 0:15:00]} 32. Bd2 {[%clk
0:15:32]} 1/2-1/2